| 000 | 00400nam a2200121 4500 | ||
|---|---|---|---|
| 999 |
_c12497 _d12497 |
||
| 008 | 190128b ||||| |||| 00| 0 eng d | ||
| 100 |
_935222 _aPadin, Mary Grace |
||
| 245 |
_aLandbank extends loans to transport firms for PUV modernization program/ _cMary Grace Padin |
||
| 260 |
_aPhilippines _bThe Philippine Star _cc2018 |
||
| 300 | _apage 7. | ||
| 650 | 0 |
_935223 _aTransportation. |
|
| 942 |
_2ddc _cPER |
||